00825 2200265 4500001002100000005001500021035002000036007000300056008004100059020002200100082001000122084001600132100005700148245013700205260003700342300004100379650001800420700001700438700001900455700002200474700002100496700002000517990001100537990001100548INLIS00000000000452720191128110324 a0010-1119000154ta191128 g 0 ind  a978-602-336-359-9 a741.5 a741.5 BUK b0 aBUKU, Pintar Tenses/ 3 Dimensional Augmented Reality1 aBuku Pintar Tenses/ 3 Dimensional Augmented Reality /cTeguh Adimarta, Dony Efriza, Tuti Alawiyah, Selvia Lisa Asni, Anita Wulandari a[s.l] :bDiandra Kreatif,c[s.a] a55 hlm. :bilus. ;cp=24 cm, t=16 cm 4aGAMBAR. KOMIK0 aDONY, Efriza0 aTUTI, Alawiyah0 aSELVIA, Lisa Asni0 aANITA, Wulandari0 aTEGUH, Adimarta a7231 a a7231 b